000 00337nam a22001337a 4500
020 _a8122413285
082 _222
_a621.05
100 _aSathyaseelan, Tlannah.
245 _aTextbook of applied physics /
250 _a2nd.
260 _aNew Delhi,
_bNew Age Intrnatinal,
_cc2001.
300 _a438 p. ;
_bill. ;
_c24 cm.
942 _2ddc
_cPHY
_01
999 _c697
_d697